Resumen de la estadística del Imperio Mexicano, 1822 (Record no. 1244)

MARC details
000 -CABECERA
campo de control de longitud fija 00892nam a2200217 a 4500
001 - NÚMERO DE CONTROL
campo de control BRCA_1382
005 - FECHA Y HORA DE LA ÚLTIMA TRANSACCIÓN
campo de control 20190320203413.0
008 - DATOS DE LONGITUD FIJA--INFORMACIÓN GENERAL
campo de control de longitud fija 730321s1968 mx-a---##b---#000-0#spa-#
050 #4 - SIGNATURA TOPOGRÁFICA DE LA BIBLIOTECA DEL CONGRESO
Número de clasificación HA766
Número de documento/Ítem .O76 1968
100 1# - ENTRADA PRINCIPAL--NOMBRE DE PERSONA
Nombre de persona Ortiz, Tadeo
Fechas asociadas al nombre 1788-1833
9 (RLIN) 4523
245 10 - MENCIÓN DE TÍTULO
Título Resumen de la estadística del Imperio Mexicano, 1822
Mención de responsabilidad, etc. [por] Simón Tadeo Ortiz de Ayala. Estudio preliminar, revisión de texto, notas y anexos de Tarsicio García Díaz.
260 ## - PUBLICACIÓN, DISTRIBUCIÓN, ETC.
Lugar de publicación, distribución, etc. México
Nombre del editor, distribuidor, etc. UNAM. Biblioteca Nacional
Fecha de publicación, distribución, etc. 1968
300 ## - DESCRIPCIÓN FÍSICA
Extensión xxvii, 105 p.
Otras características físicas il.
Dimensiones 24 cm.
440 #0 - MENCIÓN DE SERIE/PUNTO DE ACCESO ADICIONAL--TÍTULO
Título Nueva biblioteca mexicana
Designación de volumen o secuencia 10
9 (RLIN) 4524
500 ## - NOTA GENERAL
Nota general Incluye índice onomástico
500 ## - NOTA GENERAL
Nota general Apéndices: Ideario republicano de Tadeo Ortiz de Ayala.--La ciudad de México.
651 #4 - PUNTO DE ACCESO ADICIONAL DE MATERIA--NOMBRE GEOGRÁFICO
Nombre geográfico México
Subdivisión de forma Estadística
9 (RLIN) 4525
651 #4 - PUNTO DE ACCESO ADICIONAL DE MATERIA--NOMBRE GEOGRÁFICO
Nombre geográfico México
Subdivisión general Política y gobierno
Subdivisión cronológica 1821-1861
9 (RLIN) 4526
700 1# - PUNTO DE ACCESO ADICIONAL--NOMBRE DE PERSONA
Nombre de persona García Díaz, Tarsicio
9 (RLIN) 4527
942 ## - ELEMENTOS DE PUNTO DE ACCESO ADICIONAL (KOHA)
Fuente del sistema de clasificación o colocación Library of Congress Classification
Tipo de ítem Koha Libros
Holdings
Estado de retiro Estado de pérdida Estado dañado No para préstamo Localización permanente Ubicación/localización actual Fecha de adquisición Total de préstamos Signatura topográfica completa Código de barras Fecha visto por última vez Precio válido a partir de Tipo de ítem Koha
El ejemplar forma parte de la colección y puede ser consultado según las políticas vigentes.       Biblioteca del Museo Franz Mayer (Rogerio Casas-Alatriste) Biblioteca del Museo Franz Mayer (Rogerio Casas-Alatriste) 26/06/2008   HA766 .O76 1968 01903 22/03/2019 22/03/2019 Libros